Guess the FC Barcelona player #10 - Statistics

General Stats
  • This quiz has been taken 20 times
  • The average score is 9 of 16
Answer Stats
Picture Answer % Correct
Ronaldo
89%
Cesc Fàbregas
83%
David Villa
83%
Andreas Christensen
72%
Arthur Melo
67%
Romário
67%
José Manuel Pinto
61%
Laurent Blanc
61%
Rafinha
61%
Iñaki Peña
56%
Marc Casadó
56%
Ernesto Valverde
50%
Héctor Fort
50%
Rafael Márquez
39%
Javier Saviola
17%
Martín Cáceres
17%
No matching quizzes found
Score Distribution
Percent of People with Each Score
Percentile by Number Answered
Your Score History
You have not taken this quiz